| 000 | 00633nam a22001817a 4500 | ||
|---|---|---|---|
| 008 | 160322b xxu||||| |||| 00| 0 eng d | ||
| 020 | _a0-07-253294-7 | ||
| 082 |
_22004 _aDC 510 _bB43m |
||
| 100 |
_94212 _aBennett, Albert B. |
||
| 245 |
_aMathematics for elementary teachers: _ba conceptual approach/ _cAlbert B. Bennett, Jr. and L. Ted Nelson. |
||
| 250 | _a6th Edition | ||
| 260 |
_aBoston: _bMcGraw-Hill, _cc2004. |
||
| 300 |
_axii, 875 pages: _billustrations; _c26 cm. |
||
| 500 | _aIncludes bibliographical references and index. | ||
| 650 | 0 |
_94214 _aMathematics. |
|
| 700 |
_94215 _aNelson, L. Ted _eAuthor |
||
| 942 |
_2ddc _cDC |
||
| 999 |
_c3254 _d3254 |
||